000
00318nam a2200133Ia 4500
005
20251222140025.0
008
251222s1900||||xx |||||||||||||| ||spa||
020
_a
8834314302
082
_a
219.3/C28
100
_a
Carrón Pérez, Julián
245
0
_a
Allargare la Ragione
264
_b
Vita & Pensiero
942
_c
LIB
999
_c
2760
_d
2760